5HLuxD.jpg

KING HENRY VIII SENIOR AND PRIMARY SCHOOL LIBRARY OPAC

El laberinto del fauno : (Record no. 3149)

000 -LEADER
fixed length control field 01762pam a22003731i 4500
001 - CONTROL NUMBER
control field 018217381
003 - CONTROL NUMBER IDENTIFIER
control field Uk
005 - DATE AND TIME OF LATEST TRANSACTION
control field 20231121112631.0
006 - FIXED-LENGTH DATA ELEMENTS--ADDITIONAL MATERIAL CHARACTERISTICS
fixed length control field m || d |
007 - PHYSICAL DESCRIPTION FIXED FIELD--GENERAL INFORMATION
fixed length control field cr |||||||||||
008 - FIXED-LENGTH DATA ELEMENTS--GENERAL INFORMATION
fixed length control field 161213s2017 enk o 000|0|eng|d
015 ## - NATIONAL BIBLIOGRAPHY NUMBER
National bibliography number GBB720452
Source bnb
020 ## - INTERNATIONAL STANDARD BOOK NUMBER
International Standard Book Number 9781471891724 (pbk.)
037 ## - SOURCE OF ACQUISITION
Stock number HachetteUK575984
Source of stock number/acquisition Ingram Content Group
040 ## - CATALOGING SOURCE
Original cataloging agency StDuBDS
Language of cataloging eng
Transcribing agency StDuBDS
Modifying agency Uk
-- KH8
Description conventions rda
-- pn
041 0# - LANGUAGE CODE
Language code of text/sound track or separate title eng
-- spa
042 ## - AUTHENTICATION CODE
Authentication code ukblsr
082 04 - DEWEY DECIMAL CLASSIFICATION NUMBER
Classification number 468.242 GAR
Edition number 23
100 1# - MAIN ENTRY--PERSONAL NAME
Personal name García Sánchez, José Antonio,
Relator term author.
245 13 - TITLE STATEMENT
Title El laberinto del fauno :
Name of part/section of a work Modern languages study guides /
Statement of responsibility, etc. José Antonio García Sánchez.
264 #1 - PRODUCTION, PUBLICATION, DISTRIBUTION, MANUFACTURE, AND COPYRIGHT NOTICE
Place of production, publication, distribution, manufacture London :
Name of producer, publisher, distributor, manufacturer Hodder Education,
Date of production, publication, distribution, manufacture, or copyright notice 2017.
300 ## - PHYSICAL DESCRIPTION
Extent 88 pages ;
Dimensions 7.4 x 0.39 x 9.61 inches.
336 ## - CONTENT TYPE
Content type term text
Source rdacontent
337 ## - MEDIA TYPE
Media type term computer
Source rdamedia
338 ## - CARRIER TYPE
Carrier type term online resource
Source rdacarrier
490 0# - SERIES STATEMENT
Series statement Film and literature guides
520 ## - SUMMARY, ETC.
Summary, etc. Film analysis made easy. Build your students' confidence in their language abilities and help them develop the skills needed to critique their chosen putting it into context, understanding the themes and director's technique, as well as specialist terminology.<br/><br/>Breaking down each scene, character and theme in El laberinto del fauno ( Pan's Labyrinth ), this accessible guide will enable your students to understand the historical and social context of the film and give them the critical and language skills needed to write a successful essay.
588 ## - SOURCE OF DESCRIPTION NOTE
Source of description note Description based on CIP data; item not viewed.
630 00 - SUBJECT ADDED ENTRY--UNIFORM TITLE
Uniform title Laberinto del fauno (Motion picture)
650 #0 - SUBJECT ADDED ENTRY--TOPICAL TERM
Topical term or geographic name entry element Spanish language
Form subdivision Textbooks for foreign speakers
General subdivision English.
700 1# - ADDED ENTRY--PERSONAL NAME
Personal name Weston, Tony,
Dates associated with a name 1941-
Relator term author.
942 ## - ADDED ENTRY ELEMENTS (KOHA)
Source of classification or shelving scheme
Koha item type Teaching Resources
Holdings
Withdrawn status Lost status Source of classification or shelving scheme Damaged status Not for loan Collection code Permanent Location Current Location Shelving location Date acquired Full call number Barcode Date last seen Price effective from Koha item type
          Teaching Resources KH8 Senior School Library KH8 Senior School Library Staff Office 2023-10-20 468.242 GAR TRKHSL004196 2023-10-20 2023-10-20 Teaching Resources

Powered By KH8 IT Dept